000
00325nam a22001337a 4500
003
OSt
008
220507b ||||| |||| 00| 0 eng d
100
_a
JUNEJA,N.M.
245
_a
Haryana Kesari Pandit Neki Ram Sharma
260
_a
Hisar
_b
Modern Publishers
_c
2006
300
_a
151
650
_a
Gernal Book
942
_2
ddc
_c
BK
999
_c
11184
_d
11184